Gestión fiscal: la transparencia contribuye al crecimiento en América Latina /
Guardado en:
| 主要作者: | |
|---|---|
| 格式: | Texto |
| 主題: | |
| 標簽: |
添加標簽
沒有標簽, 成為第一個標記此記錄!
|
MARC
| LEADER | 00000 a a2200000 04500 | ||
|---|---|---|---|
| 001 | 8153 | ||
| 003 | |||
| 040 | |||
| 100 | |a Parry, Taryn | ||
| 245 | |a Gestión fiscal: |b la transparencia contribuye al crecimiento en América Latina / |c Taryn Parry | ||
| 650 | |a ASPECTOS ECONOMICOS | ||
| 650 | |a CRISIS EOCNOMICA | ||
| 650 | |a POLITICA FISCAL | ||
| 650 | |a CRECIMEINTO ECONOMICO | ||
| 650 | |a AMERICA LATINA | ||
| 773 | |g volumen 37, número 2; páginas 30-31 | ||
| 999 | |c 25817 |d 25817 | ||
